Wszystkie Gminy w Wielkopolskim - Statystyki

Ogólne statystyki
  • Ten quiz został rozwiązany 463 razy
    362 od ostatniego zresetowania
  • Średni wynik to 57 z 225
Statystyki odpowiedzi
Powiaty Typ Gminy Gmina % Poprawnych
Miasta na prawach powiatu Poznań
86%
Konin
82%
Kalisz
81%
Leszno
75%
pilski miejska Piła
70%
gnieźnieński miejska | wiejska Gniezno
67%
obornicki miejsko-wiejska Oborniki
66%
miejsko-wiejska Śrem
65%
miejsko-wiejska Szamotuły
65%
jarociński miejsko-wiejska Jarocin
63%
ostrowski miejska Ostrów Wielkopolski
63%
wolsztyński miejsko-wiejska Wolsztyn
63%
gostyński miejsko-wiejskie Gostyń
61%
miejsko-wiejska Krotoszyn
61%
wrzesiński miejsko-wiejska Września
61%
kolski miejska | wiejska Koło
60%
nowotomyski miejsko-wiejska Nowy Tomyśl
60%
turecki miejska | wiejska Turek
60%
wągrowiecki miejska | wiejska Wągrowiec
60%
czarnkowsko-trzcianecki miejska | wiejska Czarnków
59%
kościański miejska | wiejska Kościan
59%
międzychodzki miejsko-wiejska Międzychód
59%
pleszewski miejsko-wiejska Pleszew
59%
rawicki miejsko-wiejska Rawicz
59%
średzki miejsko-wiejska Środa Wielkopolska
59%
chodzieski miejska | wiejska Chodzież
58%
kępiński miejsko-wiejska Kępno
56%
złotowski miejska | wiejska Złotów
56%
ostrzeszowski miejsko-wiejska Ostrzeszów
55%
słupecki miejska | wiejska Słupca
54%
miejsko-wiejska Swarzędz
54%
miejsko-wiejska Trzcianka
54%
grodziski miejsko-wiejska Grodzisk Wielkopolski
53%
poznański miejska Luboń
52%
miejsko-wiejska Kórnik
48%
miejsko-wiejska Mosina
44%
miejsko-wiejska Buk
40%
wiejska Tarnowo Podgórne
40%
miejsko-wiejska Kostrzyn
38%
miejsko-wiejska Murowana Goślina
38%
miejska Puszczykowo
37%
wiejska Suchy Las
37%
miejsko-wiejska Pobiedziska
36%
miejsko-wiejska Stęszew
35%
miejsko-wiejska Wronki
35%
miejsko-wiejska Rogoźno
32%
wiejska Komorniki
31%
miejsko-wiejska Opalenica
31%
wiejska Czerwonak
29%
miejsko-wiejska Pniewy
29%
miejsko-wiejska Ślesin
28%
miejsko-wiejska Śmigiel
28%
miejsko-wiejska Krzyż Wielkopolski
27%
miejsko-wiejska Nowe Skalmierzyce
26%
miejsko-wiejska Czempiń
25%
miejsko-wiejska Rakoniewice
25%
miejsko-wiejska Ujście
25%
wiejska Dopiewo
24%
miejsko-wiejska Lwówek
24%
miejsko-wiejska Margonin
24%
miejsko-wiejska Pyzdry
24%
wiejska Rokietnica
24%
miejsko-wiejska Skoki
24%
miejsko-wiejska Trzemeszno
24%
miejsko-wiejska Zbąszyń
24%
miejsko-wiejska Budzyń
23%
śremski miejsko-wiejska Dolsk
23%
koniński miejsko-wiejska Golina
23%
miejsko-wiejska Kleczew
23%
wiejska Kaczory
22%
miejsko-wiejska Koźmin Wielkopolski
22%
miejsko-wiejska Nekla
22%
miejsko-wiejska Rychwał
22%
miejsko-wiejska Sieraków
22%
miejsko-wiejska Witkowo
22%
kaliski miejsko-wiejska Opatówek
21%
miejsko-wiejska Wyrzysk
21%
wiejska Zaniemyśl
21%
miejsko-wiejska Bojanowo
20%
miejsko-wiejskie Borek Wielkopolski
20%
miejsko-wiejska Czerniejewo
20%
miejsko-wiejska Grabów nad Prosną
20%
miejsko-wiejska Kłodawa
20%
miejsko-wiejskie Krobia
20%
miejsko-wiejska Miejska Górka
20%
wiejska Powidz
20%
miejsko-wiejska Szamocin
20%
miejsko-wiejska Gołańcz
19%
wiejska Granowo
19%
miejsko-wiejska Jastrowie
19%
miejsko-wiejska Kłecko
19%
miejsko-wiejska Krzywiń
19%
miejsko-wiejska Książ Wielkopolski
19%
miejsko-wiejska Łobżenica
19%
miejsko-wiejska Miłosław
19%
wiejska Nowe Miasto nad Wartą
19%
szamotulski miejska | wiejska Obrzycko
19%
miejsko-wiejska Odolanów
19%
miejsko-wiejska Ostroróg
19%
miejsko-wiejska Rydzyna
19%
miejsko-wiejska Wieleń
19%
wiejska Kaźmierz
18%
miejsko-wiejska Kobylin
18%
wiejska Kotlin
18%
leszczyński miejsko-wiejska Osieczna
18%
miejsko-wiejska Sompolno
18%
miejsko-wiejska Tuliszków
18%
miejsko-wiejska Zagórów
18%
wiejska Baranów
17%
miejsko-wiejska Chocz
17%
miejsko-wiejska Dobrzyca
17%
miejsko-wiejska Jaraczewo
17%
miejsko-wiejska Mikstat
17%
wiejska Piaski
17%
wiejska Strzałkowo
17%
miejsko-wiejska Wielichowo
17%
miejsko-wiejska Dobra
16%
wiejska Kleszczewo
16%
wiejska Kobyla Góra
16%
miejsko-wiejska Okonek
16%
miejsko-wiejska Raszków
16%
wiejska Ryczywół
16%
miejsko-wiejska Stawiszyn
16%
miejsko-wiejska Zduny
16%
wiejska Gołuchów
15%
wiejska Kamieniec
15%
miejsko-wiejska Żerków
15%
wiejska Bralin
14%
wiejska Duszniki
14%
wiejska Kazimierz Biskupi
14%
miejsko-wiejska Koźminek
14%
wiejska Kramsk
14%
wiejska Kwilcz
14%
wiejska Mieścisko
14%
miejsko-wiejskie Pogorzela
14%
miejsko-wiejskie Poniec
14%
wiejska Rychtal
14%
wiejska Stare Miasto
14%
wiejska Włoszakowice
14%
miejsko-wiejska Wysoka
14%
miejsko-wiejska Dąbie
13%
wiejska Gizałki
13%
miejsko-wiejska Jutrosin
13%
miejsko-wiejska Krajenka
13%
wiejska Lipno
13%
wiejska Połajewo
13%
wiejska Przygodzice
13%
wiejska Żelazków
13%
wiejska Miasteczko Krajeńskie
12%
wiejska Przemęt
12%
krotoszyński miejska Sulmierzyce
12%
wiejska Brzeziny
11%
wiejska Chrzypsko Wielkie
11%
wiejska Damasławek
11%
wiejska Kiszkowo
11%
wiejska Kuślin
11%
wiejska Lądek
11%
wiejska Łęka Opatowska
11%
wiejska Miedzichowo
11%
wiejska Ostrowite
11%
wiejska Pępowo
11%
wiejska Rzgów
11%
wiejska Skulsk
11%
wiejska Święciechowa
11%
wiejska Szydłowo
11%
wiejska Brodnica
10%
wiejska Dominowo
10%
wiejska Grodziec
10%
wiejska Kościelec
10%
wiejska Krzemieniewo
10%
wiejska Krzykosy
10%
wiejska Lubasz
10%
wiejska Łubowo
10%
wiejska Malanów
10%
wiejska Niechanowo
10%
wiejska Pakosław
10%
miejsko-wiejska Przedecz
10%
wiejska Siedlec
10%
wiejska Sieroszewice
10%
wiejska Sośnie
10%
wiejska Wijewo
10%
wiejska Wilczyn
10%
wiejska Białośliwie
9%
wiejska Doruchów
9%
wiejska Godziesze Wielkie
9%
wiejska Lipka
9%
wiejska Lisków
9%
wiejska Trzcinica
9%
wiejska Wapno
9%
wiejska Władysławów
9%
wiejska Zakrzewo
9%
wiejska Babiak
8%
wiejska Blizanów
8%
wiejska Brudzew
8%
wiejska Grzegorzew
8%
wiejska Krzymów
8%
wiejska Perzów
8%
wiejska Rozdrażew
8%
wiejska Szczytniki
8%
wiejska Wierzbinek
8%
wiejska Czajków
7%
wiejska Drawno
7%
wiejska Kołaczkowo
7%
wiejska Kraszewice
7%
wiejska Orchowo
7%
wiejska Ceków-Kolonia
6%
wiejska Kawęczyn
6%
wiejska Mieleszyn
6%
wiejska Mycielin
6%
wiejska Osiek Mały
6%
wiejska Tarnówka
6%
wiejska Chodów
5%
wiejska Czermin
5%
wiejska Przykona
5%
wiejska Olszówka
3%
Nie znaleziono quizów pasujących do podanych kryteriów
Rozkład punktacji
Procent ludzi z każdym wynikiem
Percentyl według liczby udzielonych odpowiedzi
Twoja historia wyników
Nie rozwiązałeś tego quizu od ostatniego zresetowania